000 00908nam a2200265 i 4500
001 bg
100 1 _aPAJESTKA, Józef
245 1 0 _aGlobal change and Polish problems /
_cJózef Pajestka ; [transl. from the Pol. by Irina Bagajewa].
246 _iTyt. oryg.:
_aRzecz o świecie i polskich sprawach
260 _aWarszawa :
_b"Oficyna Naukowa",
_c1993.
300 _a245, [1] s. :
_bwykr. ;
_c20 cm.
500 _aOryg. : ["Rzecz o świecie i polskich sprawach"].
650 9 _aKryzys
_xfilozofia
650 9 _aRozwój społeczny
_xfilozofia
650 9 _aŚwiadomość społeczna
650 9 _aTransformacja systemu społeczno-gospodarczego
_zPolska
_yod 1989 r.
650 9 _aWzrost gospodarczy
_xfilozofia
020 _a8385505075
040 _cBPK
041 1 _aen
_hpl
080 _a008:316.42:330.35:1
920 _a83-85505-07-5
942 _cKS
008 s pl f |000 0 pol
999 _c32548
_d32548
856 _uhttp://koha.tu.koszalin.pl/cgi-bin/koha/opac-detail.pl?biblionumber=32548
_yKatalog online BPK